[Event "36th Mitropa Cup Open 2018"]
[Site "Isola Capo Rizzuto"]
[Date "2018.06.02"]
[Round "3"]
[White "Kantor, Gergely"]
[Black "Plenca, Jadranko"]
[Result "1/2-1/2"]
[WhiteElo "2522"]
[BlackElo "2482"]
[Annotator "TA"]
[PlyCount "74"]
[EventDate "2018.05.31"]
[EventType "team-tourn"]
[EventCountry "ITA"]
[SourceTitle "playchess.com"]
[Source "ChessBase"]
[SourceQuality "1"]
[WhiteTeam "Hungary"]
[BlackTeam "Croatia"]
[WhiteTeamCountry "HUN"]
[BlackTeamCountry "CRO"]

{[%evp 9,74,16,18,14,10,0,18,18,27,16,18,21,15,33,28,22,17,25,30,0,0,0,21,0,0,0,0,0,-1,-35,-28,-31,-31,-27,-38,-35,-28,-73,-25,-47,-12,-33,0,0,0,0,0,-173,-184,-184,-109,-90,-65,-60,-22,-22,-16,-25,-39,-59,-50,-50,-6,0,0,-47,0]} 1. d4 d5 2. c4 e6 3. Nc3 {[%cal Bb1c3,Bc3d5,Bd5f4][%mdl 32]} a6 4. cxd5 exd5 5. Qb3 c5 6. Qxd5 $146 {D31: Queen's Gambit Declined: Semi-Slav without ...Nf6 (+ Marshall Gambit and Noteboom) and Exchange Variation lines without ...Nf6} ({Predecessor:} 6. Nxd5 Nc6 7. Nf3 cxd4 8. e4 dxe3 9. Qxe3+ Be6 10. Nf4 Bb4+ 11. Bd2 Bxd2+ 12. Nxd2 Qd4 13. Nxe6 Qxe3+ 14. fxe3 fxe6 {½-½ (24) Martinovic,S (2564)-Nisipeanu,L (2673) Austria 2017}) 6... cxd4 7. Qxd8+ $1 Kxd8 8. Nd5 {The position is equal.} Be6 9. Nf4 Bb4+ 10. Bd2 Bxd2+ 11. Kxd2 Nc6 12. g3 Nf6 13. Bg2 Ke7 14. Nf3 Ne4+ 15. Ke1 Rac8 16. Nd2 Nc5 17. Nxe6 fxe6 18. Rb1 Rhd8 19. Ne4 Na4 20. Kd2 Ne5 21. b3 $1 {[%cal Rb3a4]} Nc3 22. Ra1 b5 23. h3 Rc7 24. f4 Nc6 25. Nc5 Nb4 (25... Nb8 $5 {[%cal Rc7c5]} 26. Nd3 Rdc8 $11) 26. a3 Nc2 27. Nxa6 Nxa1 28. Nxc7 $2 {[#]} (28. Rxa1 $11 {and White stays safe.} Rcd7 29. Nb4) 28... Nxb3+ $19 29. Kc2 Na5 ({Black should try} 29... Nc5 $19 {aiming for ...Kd6.} 30. Re1 Rd7) 30. Kd3 $17 Rd7 31. Na6 Nc4 32. Nb8 Rd6 {White must now prevent ...Na5.} 33. Nc6+ Kf6 34. Re1 Na4 35. Nxd4 Nc5+ 36. Kc3 Na4+ 37. Kd3 Nc5+ {Precision: White = 60%, Black = 66%.} 1/2-1/2

[Event "36th Mitropa Cup Open 2018"]
[Site "Isola Capo Rizzuto"]
[Date "2018.06.02"]
[Round "3"]
[White "Nayhebaver, Martin"]
[Black "Biolek, Richard Jr"]
[Result "1/2-1/2"]
[WhiteElo "2478"]
[BlackElo "2462"]
[Annotator "TA"]
[PlyCount "67"]
[EventDate "2018.05.31"]
[EventType "team-tourn"]
[EventCountry "ITA"]
[SourceTitle "playchess.com"]
[Source "ChessBase"]
[SourceQuality "1"]
[WhiteTeam "Slovakia"]
[BlackTeam "Czech Republic"]
[WhiteTeamCountry "SVK"]
[BlackTeamCountry "CZE"]

{[%evp 13,67,18,18,6,15,6,6,7,8,8,8,12,16,0,0,0,0,-7,0,-4,20,8,74,32,35,41,29,35,19,8,16,0,8,10,9,0,0,0,0,-20,0,0,0,0,0,0,0,-7,-10,0,0,-13,0,0,0,-4]} 1. e4 d5 2. exd5 Qxd5 3. Nc3 Qa5 4. d4 Nf6 5. Bc4 Bg4 6. f3 Bd7 {B01: Skandinavische Verteidigung} 7. Nge2 c5 {LiveBook: 3 Partien} (7... e6 8. Bd2 Qb6 9. a4 a5 10. O-O Be7 11. Be3 O-O 12. Qd2 Bc6 13. Ng3 Qb4 14. Bd3 {½-½ (81) Naiditsch,A (2673)-Van Wely,L (2653) Jurmala 2016}) 8. dxc5 {Droht Le3.} e6 9. Be3 {Weiss will a3 spielen.} Bxc5 10. Bxc5 Qxc5 11. Qd4 Qxd4 12. Nxd4 Nc6 $146 ({Vorgänger:} 12... a6 13. O-O-O Nc6 14. Rhf1 Nxd4 15. Rxd4 {½-½ (37) Vavric,P (2235)-Manea,A (2373) Plancoet 2014}) 13. Ndb5 Ke7 14. O-O-O Rhd8 15. Rhe1 Na5 16. Bf1 b6 17. f4 {[%cal Bf3f4,Bf4f5][%mdl 32]} g6 (17... Bxb5 $11 {hält das Gleichgewicht.} 18. Bxb5 Rxd1+ 19. Rxd1 Rc8) 18. g3 Bc6 19. Nd4 {Und b4 würde nun gewinnen.} Bb7 20. f5 {[%cal Rf5e6]} Nc6 $1 {[%cal Rc6d4]} 21. Ncb5 {[%cal Rf5e6] Die Stellung ist ausgeglichen.} Nxd4 $1 22. Nxd4 {[%cal Rf5e6]} gxf5 23. Nxf5+ Kf8 $132 {[%mdl 2048] Schwarz puts up resistance} 24. Ne3 Ke7 25. Bd3 Bf3 (25... Be4 {seems wilder.} 26. Be2 Rac8 27. c3 Nd7 28. Ba6 Rc5) 26. Be2 (26. Rd2 {feels hotter.} Ne4 27. Bxe4 Bxe4 28. Rf2 Rac8 29. Ref1) 26... Rxd1+ 27. Bxd1 Bb7 28. Nf5+ Kd7 29. Nd4 (29. Nh6 {is interesting.} Rf8 30. Rf1 Ke7 31. Rf4 Nd7 32. Be2) 29... Rc8 30. Bf3 Bxf3 31. Nxf3 Ke7 32. b3 Rc5 33. Ne5 Nd7 34. Nf3 {Precision: Weiß = 28%, Schwarz = 64%.} 1/2-1/2

[Event "36th Mitropa Cup Open 2018"]
[Site "Isola Capo Rizzuto"]
[Date "2018.06.02"]
[Round "3"]
[White "Nagy, Gabor"]
[Black "Srbis, Jurica"]
[Result "1-0"]
[WhiteElo "2472"]
[BlackElo "2416"]
[Annotator "TA"]
[PlyCount "131"]
[EventDate "2018.05.31"]
[EventType "team-tourn"]
[EventCountry "ITA"]
[SourceTitle "playchess.com"]
[Source "ChessBase"]
[SourceQuality "1"]
[WhiteTeam "Hungary"]
[BlackTeam "Croatia"]
[WhiteTeamCountry "HUN"]
[BlackTeamCountry "CRO"]

{[%evp 10,131,0,-7,12,0,0,0,0,0,0,0,1,-31,-42,-23,-22,-31,-15,-26,0,-3,0,-8,0,0,0,-13,38,27,32,22,26,30,32,32,40,27,38,18,44,34,40,16,54,28,43,32,48,49,34,45,72,62,78,83,90,48,154,147,160,147,231,231,225,160,177,174,285,248,217,222,221,220,206,199,205,191,228,216,288,288,281,283,335,270,288,288,341,331,572,562,574,545,694,676,719,583,501,0,667,613,607,593,683,635,801,772,837,600,1368,1307,1714,1716,1267,1100,2105,888,1229,1457,2159,2071,12841,12842]} 1. Nf3 Nf6 2. d4 g6 3. Nc3 d5 4. Bf4 Bg7 5. Nb5 Na6 6. e3 {LiveBook: 54 Games. D00: 1 d4 d5: Unusual lines} Ne4 $146 ({Predecessor:} 6... c6 7. Nc3 O-O 8. Bxa6 bxa6 9. h3 Nd7 10. O-O Bb7 11. Na4 Rc8 12. b4 a5 13. Nc5 Nxc5 14. bxc5 {1-0 (50) Aronian,L (2797)-Vachier Lagrave,M (2793) Caleta 2018}) 7. Nd2 Nxd2 8. Qxd2 {The position is equal.} c6 9. Nc3 Nc7 10. Rd1 O-O 11. e4 dxe4 12. Nxe4 Qd5 13. Nc3 Qe6+ 14. Be3 b5 15. Be2 b4 16. Na4 Nd5 17. Nc5 Qd6 18. Bh6 Rd8 ({Black should play} 18... Bxh6 $11 19. Qxh6 Bf5) 19. Bxg7 Kxg7 20. Bf3 Rb8 21. O-O Qf4 22. Qe2 Qf6 23. Rfe1 Bf5 24. Rd2 Kf8 25. g3 h5 26. h4 Nc7 27. Be4 {[%cal Bf3e4,Be4c2,Bc2b3][%mdl 32] Threatens to win with Bxf5.} Bg4 28. f3 Bd7 29. c3 $36 {[%mdl 2048] Black is under pressure.} bxc3 30. bxc3 Qd6 31. Kg2 Bc8 32. Bc2 Nd5 33. Bb3 Qf6 (33... Bf5 $14) 34. c4 $16 Nc7 35. Ne4 Qe6 {[#]} (35... Qg7 $16) 36. Qe3 $1 $18 {[%cal Re3h6] Black must now prevent Qh6+.} Kg7 37. Qf4 Rb7 38. Kf2 {Hoping for Nc5.} Qh3 (38... Qf5 $142) 39. Ng5 Qf5 40. Qxf5 Bxf5 41. Rxe7 Rd7 42. Rxd7 Bxd7 43. Ne4 Bf5 44. Nd6 Rb8 45. Nxf5+ gxf5 {[%mdl 4096] Endgame KRB-KRN} 46. d5 Rd8 47. Ke3 cxd5 48. cxd5 {[%cal Bc4d5,Bd5d6][%mdl 32]} Rd6 49. Kd4 Kf6 $2 {[#]} (49... Rd7 {keeps fighting.} 50. Rc2 f4) 50. Kc5 Rb6 51. Bc4 Rb8 52. d6 Na8 53. Kc6 Rb6+ 54. Kc5 Rb8 55. d7 {White is clearly winning.} Ke7 56. Bxf7 Kd8 57. Bxh5 Nc7 58. Bf7 Na6+ 59. Kc4 f4 60. g4 {[%cal Bg3g4,Bg4g5,Bg5g6][%mdl 32]} Rb4+ 61. Kc3 Rb1 62. h5 {[%cal Bh4h5,Bh5h6][%mdl 32]} Rf1 63. Bd5 Nc7 64. h6 Rh1 65. g5 Kxd7 66. g6 {Precision: White = 65%, Black = 28%.} 1-0

[Event "36th Mitropa Cup Open 2018"]
[Site "Isola Capo Rizzuto"]
[Date "2018.06.02"]
[Round "3"]
[White "Velten, Paul"]
[Black "Drnovsek, Gal"]
[Result "1-0"]
[WhiteElo "2470"]
[BlackElo "2404"]
[Annotator "TA"]
[PlyCount "136"]
[EventDate "2018.05.31"]
[EventType "team-tourn"]
[EventCountry "ITA"]
[SourceTitle "playchess.com"]
[Source "ChessBase"]
[SourceQuality "1"]
[WhiteTeam "France"]
[BlackTeam "Slovenia"]
[WhiteTeamCountry "FRA"]
[BlackTeamCountry "SLO"]

{[%evp 22,136,0,-8,-4,-13,0,-6,0,-6,-14,-10,8,0,24,0,0,0,0,-7,-10,-13,0,0,0,-1,0,0,0,0,0,0,21,12,12,0,44,35,35,35,43,28,37,36,85,88,93,83,80,56,290,131,200,200,200,200,201,185,247,224,870,848,787,316,523,542,618,622,583,556,530,567,543,546,552,534,518,469,12836,12831,1447,1376,12836,12836,12837,12837,12837,12838,12838,12839,12838,12839,12841,12842,12842,12843,12843,12843,12845,12843,12841,12843,12842,12843,12848,12848,12851,29982,29984,29983,29983,29984,29984,29985,29985,29986,29987]} 1. d4 Nf6 2. c4 e6 3. Nf3 d5 4. g3 Be7 5. Bg2 O-O 6. O-O dxc4 7. Qc2 a6 8. a4 Bd7 9. Bg5 {E05: Open Catalan: 5 Nf3 Be7} Bc6 10. Nbd2 (10. Rd1 b5 11. Bxf6 Bxf6 12. Nc3 Qe8 13. d5 exd5 14. Nd4 Qe5 15. e4 dxe4 16. axb5 axb5 17. Nxc6 Nxc6 18. Rxa8 Rxa8 19. Qxe4 Qxe4 20. Bxe4 {½-½ (32) Wojtaszek,R (2744)-Giri,A (2777) Shamkir 2018}) 10... b5 11. Bxf6 Bxf6 12. Rfd1 {LiveBook: 4 Games} g6 $146 ({Predecessor:} 12... Nd7 13. Ng5 Bxg5 14. Bxc6 Rb8 15. axb5 axb5 16. Ne4 Be7 {½-½ (31) Maghsoodloo,P (2594)-Toufighi,H (2436) Amol 2018}) 13. b3 cxb3 14. Nxb3 Bd5 15. e4 Bxb3 16. Qxb3 bxa4 17. Qxa4 Nd7 18. e5 Be7 19. Qc6 Nb6 20. d5 Nxd5 21. Nd4 {[#] Strongly threatening Nxe6.} Qe8 22. Bxd5 exd5 23. Ra5 Qxc6 24. Nxc6 Rfe8 25. Rdxd5 Bf8 26. Rd7 Rac8 27. Rxa6 Re6 28. f4 Bc5+ 29. Kg2 Kf8 30. Kf3 $36 {[%mdl 2048] Black is under pressure.} Bb6 {aiming for ...Ke8.} 31. Nb4 Ke8 32. Rd1 Bc5 33. Nc6 Bb6 34. Rc1 Kd7 35. Ra2 Rce8 $2 ({Better is} 35... f6 $14) 36. Nb4 (36. Rd2+ $18 {is the precise move to win.} Kc8 37. Ra1) 36... Kc8 (36... Rb8 $16 {is a better defense.} 37. Rd2+ Ke8) 37. Nd5 $18 Kb7 38. Rac2 Rc8 39. g4 {[%cal Bg3g4,Bg4f5,Bf5f6][%mdl 32]} h6 (39... c6 $142 40. Nf6 Rd8) 40. Ke4 c5 $2 (40... c6) 41. f5 Rec6 42. Ne7 (42. Rb1 $142) 42... gxf5+ $2 (42... Rd8 {was necessary.} 43. Nxc6 Kxc6) 43. gxf5 Ra8 44. Nxc6 Kxc6 {[%mdl 4096] Endgame KRR-KRB} 45. f6 Ra4+ 46. Rc4 Ra2 47. R1c2 Ra1 48. R4c3 Re1+ 49. Re3 Rxe3+ (49... Rf1 $142 50. Rce2 c4) 50. Kxe3 {KR-KB} Kd5 51. Kf4 Bc7 52. Kf5 Bxe5 53. Re2 Bd6 {[#]} 54. Re7 $1 {[%mdl 512]} c4 (54... Bxe7 55. fxe7) 55. Rxf7 c3 56. Ra7 ({Stronger than} 56. Rd7 c2 $11) 56... c2 57. Ra1 Kc4 58. h4 {[%cal Bh2h4,Bh4h5][%mdl 32]} Kb3 59. Kg6 Bf8 60. Kf7 Ba3 61. h5 Bb2 62. Rf1 c1=Q 63. Rxc1 {Threatening mate with Rb1.} Bxc1 {KB-KPP} 64. Kg6 Kc4 {White mates.} 65. f7 Ba3 66. Kxh6 Kd5 67. Kg7 Ke6 68. h6 Kd5 {Precision: White = 70%, Black = 40%.} 1-0

[Event "36th Mitropa Cup Open 2018"]
[Site "Isola Capo Rizzuto"]
[Date "2018.06.02"]
[Round "3"]
[White "Guidarelli, Laurent"]
[Black "Dobrovoljc, Vid"]
[Result "1-0"]
[WhiteElo "2464"]
[BlackElo "2310"]
[Annotator "TA"]
[PlyCount "83"]
[EventDate "2018.05.31"]
[EventType "team-tourn"]
[EventCountry "ITA"]
[SourceTitle "playchess.com"]
[Source "ChessBase"]
[SourceQuality "1"]
[WhiteTeam "France"]
[BlackTeam "Slovenia"]
[WhiteTeamCountry "FRA"]
[BlackTeamCountry "SLO"]

{[%evp 19,83,0,33,35,41,51,13,51,40,0,0,0,35,32,79,0,0,0,0,0,231,215,213,227,255,274,266,271,267,259,264,266,264,264,264,264,920,950,943,933,916,867,835,831,1484,1437,2547,2536,29985,2345,29990,29991,29991,29990,29992,29991,29991,29992,29992,29963,29993,29964,6805,6025,5498,5414]} 1. d4 Nf6 2. c4 g6 3. g3 Bg7 4. Bg2 O-O 5. Nc3 d6 6. Nf3 Nbd7 7. O-O e5 8. e3 Re8 9. a4 a5 {E67: Königsindisch (Hauptvariante des g3-Systems ohne e2-e4)} (9... c6 10. a5 a6 11. Qb3 h6 12. Rd1 Qc7 13. h3 Nf8 14. dxe5 dxe5 15. e4 Ne6 16. Be3 Nh7 17. Na4 {½-½ (35) Shtembuliak,E (2478)-Efimenko,Z (2651) Rivne 2016}) 10. b3 Nf8 {LiveBook: 4 Partien} 11. Ra2 e4 $146 {Droht ...Lg4 und aus.Weiß steht etwas besser.} ({Vorgänger:} 11... Bd7 12. h3 c6 13. Ba3 e4 14. Nd2 d5 15. cxd5 cxd5 16. Rc2 Rc8 17. Qe2 {½-½ (34) Panno,O (2457)-Ziska,H (2392) Arnhem 2007}) 12. Ng5 {[%cal Rg5e4]} Bf5 $1 13. f3 exf3 14. Qxf3 h6 15. Nh3 (15. e4 $2 Bg4 $19) 15... c6 (15... Bg4 $5 {[%cal Rg4f3]} 16. Qxb7 Rb8 $14) 16. Nf2 Qb6 17. Qd1 (17. g4 $16 Nxg4 18. Nxg4) 17... Rad8 $11 18. e4 $36 {[%mdl 2048] Weiss hat Druck.} Bg4 $1 {[%cal Rg4d1]} 19. Qd3 c5 $2 (19... Bh5 $11 {und Schwarz steht sicher.}) 20. Nxg4 $18 Nxg4 21. Nd5 Qa7 22. Qf3 Bxd4+ 23. Kh1 Ne5 24. Nf6+ Kh8 {[#]} 25. Qf4 $1 {[%cal Rf4h6]} g5 26. Qf5 {Lxg5 ist eine echte Drohung.} Re6 {[#]} 27. Bxg5 $1 {[%mdl 512] Droht stark Dh3.} Neg6 $2 (27... Ned7) (27... hxg5 28. Qxg5) 28. Qh3 Bxf6 29. Qxh6+ Kg8 30. Bxf6 Rxf6 31. Rxf6 Qb6 32. Raf2 Rd7 {[#]} 33. e5 $1 {Beabsichtigt e6! und Matt.} Nxe5 (33... dxe5 34. Rxb6) 34. Bd5 (34. Qg5+ $142 Nfg6 35. Bd5 Kg7 36. h4 Qxb3 37. h5 Qd1+ 38. Kg2 Qg4 {[#]} 39. Rxf7+ $1 {[%mdl 512]} Rxf7 40. Rxf7+ Nxf7 41. Qxg4) 34... Qxb3 35. Qg5+ Kh8 36. Rh6+ Nh7 37. Qf5 {[%csl Gh6][%cal Rf5h7]} Qd1+ 38. Kg2 {[%csl Gh6][%cal Rf5h7]} Qd3 39. Rxh7+ Kg8 40. Qxd3 Nxd3 41. Rfxf7 Rxf7 42. Rxf7 {Precision: Weiß = 82%, Schwarz = 45%.} 1-0

[Event "36th Mitropa Cup Open 2018"]
[Site "Isola Capo Rizzuto"]
[Date "2018.06.02"]
[Round "3"]
[White "Perske, Thore"]
[Black "Brunello, Sabino"]
[Result "0-1"]
[WhiteElo "2464"]
[BlackElo "2537"]
[Annotator "TA"]
[PlyCount "78"]
[EventDate "2018.05.31"]
[EventType "team-tourn"]
[EventCountry "ITA"]
[SourceTitle "playchess.com"]
[Source "ChessBase"]
[SourceQuality "1"]
[WhiteTeam "Germany"]
[BlackTeam "Italy"]
[WhiteTeamCountry "GER"]
[BlackTeamCountry "ITA"]

{[%evp 21,78,7,9,-9,-6,-6,-6,-11,-12,-13,-13,-43,-14,-17,0,-10,-7,0,0,-4,0,0,0,0,0,-35,-20,-20,-22,-39,-30,-57,-7,-56,-12,-60,-28,-10,-17,-222,-225,-306,-315,-319,-291,-614,-614,-614,-614,-614,-606,-656,-613,-775,-770,-1627,-1664,-1722,-1687]} 1. e4 c5 2. Nf3 d6 3. Bb5+ Nd7 4. c3 Ngf6 5. Qe2 a6 6. Ba4 e5 7. O-O Be7 8. d4 b5 9. Bc2 O-O 10. Rd1 Qc7 {B51: Sicilian: Moscow Variation (3 Bb5+) without 3...Bd7} 11. d5 (11. h3 Bb7 12. d5 g6 13. Bg5 Rfe8 14. g4 h5 15. Nh2 Nxd5 16. exd5 Bxg5 17. gxh5 Nf6 18. hxg6 fxg6 19. Bxg6 {0-1 (26) Najer,E (2679)-Lu,S (2627) Doha 2016}) 11... c4 {LiveBook: 6 Games} 12. a4 Rb8 {The position is equal.} 13. Nbd2 Nc5 14. h3 $146 ({Predecessor:} 14. Nf1 Bd7 15. axb5 axb5 16. Ng3 b4 17. Nd2 b3 {0-1 (37) Beroiz,J (2130)-Falcon,B (2116) Rosario 2017}) 14... Bd7 15. axb5 axb5 16. Nf1 Ra8 17. Bg5 h6 18. Bd2 Nb3 19. Bxb3 cxb3 20. Ng3 Ra4 (20... Ra2 {with more complications.} 21. Rab1 Qc4 22. Qe3 Rb8 23. Re1 Nh7) 21. Rxa4 bxa4 22. c4 Rb8 23. Bc3 Bd8 24. Nd2 Qa7 25. Nb1 Bb6 26. Rf1 Bc8 27. Kh2 Qe7 28. Qf3 g6 29. Bd2 Kg7 30. Be3 $2 {[#]} (30. Nc3 $11 {and White stays safe.}) 30... Ng4+ $1 $19 {[%mdl 512]} 31. hxg4 Qh4+ 32. Kg1 {Hoping for Bxb6.} Bxg4 {[%cal Bc8g4,Bg4f3,Bf3e4][%mdl 32]} 33. Bxb6 $2 (33. Nh5+ gxh5 34. g3) 33... Bxf3 {Black is clearly winning.} 34. Bc7 Rc8 35. Bxd6 Bxe4 36. Nd2 Bd3 37. Bxe5+ f6 38. Nf3 Qxc4 39. Rd1 Qc2 {Precision: White = 33%, Black = 73%.} 0-1

[Event "36th Mitropa Cup Open 2018"]
[Site "Isola Capo Rizzuto"]
[Date "2018.06.02"]
[Round "3"]
[White "Cernousek, Lukas"]
[Black "Jablonicky, Martin"]
[Result "1/2-1/2"]
[WhiteElo "2462"]
[BlackElo "2356"]
[Annotator "TA"]
[PlyCount "83"]
[EventDate "2018.05.31"]
[EventType "team-tourn"]
[EventCountry "ITA"]
[SourceTitle "playchess.com"]
[Source "ChessBase"]
[SourceQuality "1"]
[WhiteTeam "Czech Republic"]
[BlackTeam "Slovakia"]
[WhiteTeamCountry "CZE"]
[BlackTeamCountry "SVK"]

{[%evp 21,83,22,25,21,28,25,16,22,41,37,33,32,57,62,66,44,44,40,47,50,80,80,80,82,83,83,77,75,75,76,93,93,95,67,66,55,75,75,75,60,75,75,75,0,75,0,75,75,75,75,83,83,83,83,111,78,78,78,78,78,78,78,78,78]} 1. d4 Nf6 2. c4 g6 3. g3 Bg7 4. Bg2 O-O 5. Nf3 d6 6. O-O Nc6 7. Nc3 e5 8. dxe5 Nxe5 9. Nxe5 dxe5 10. Qxd8 Rxd8 11. Bg5 Rd7 {LiveBook: 16 Partien. E62: Königsindisch (6...Sc6)} 12. Rad1 (12. Na4 h6 13. Be3 Ng4 14. Bc1 c6 15. h3 Nf6 16. Be3 Rc7 17. b3 b6 18. Rad1 Be6 19. Rd3 {½-½ (35) Martinovic,S (2565)-Smirin,I (2635) Heraklio 2017}) 12... c6 13. Na4 Rxd1 {Weiß hat minimalen Vorteil.} 14. Rxd1 {[#] Td8+ ist eine echte Drohung.} Be6 15. Nc5 {Schwarz muss nun b3 beachten.} Bxc4 16. Nxb7 Bxe2 17. Rd6 Ne8 18. Rxc6 $146 ({Vorgänger:} 18. Rd2 Bb5 19. b3 {½-½ (32) Ribli,Z-Ciocaltea,V Budapest 1973}) 18... Rb8 19. Rc1 Bf8 20. Be3 Nd6 21. Nxd6 Bxd6 22. Rc2 Bd3 23. Rd2 e4 {[#]} 24. Bxe4 $1 {[%mdl 512]} Bxe4 25. Rxd6 $16 {[%mdl 4096] Endspiel KTL-KTL} Kf8 26. Bc5 Ke8 27. Rd2 f5 28. f4 a6 29. Kf2 Rd8 30. Bd4 Rc8 31. Bc3 Rd8 32. Bd4 Rc8 $1 33. Bc3 Rd8 $1 34. Rxd8+ {Weiß steht besser.} Kxd8 {KL-KL} 35. Ke3 h5 36. Kd4 Bf3 37. Ke5 h4 38. Kf6 hxg3 39. hxg3 Bh5 40. Ke6 Kc8 41. Kd6 Kb7 42. Ba5 {Precision: Weiß = 72%, Schwarz = 65%.} 1/2-1/2

[Event "36th Mitropa Cup Open 2018"]
[Site "Isola Capo Rizzuto"]
[Date "2018.06.02"]
[Round "3"]
[White "Tica, Sven"]
[Black "Korpa, Bence"]
[Result "0-1"]
[WhiteElo "2446"]
[BlackElo "2500"]
[Annotator "TA"]
[PlyCount "52"]
[EventDate "2018.05.31"]
[EventType "team-tourn"]
[EventCountry "ITA"]
[SourceTitle "playchess.com"]
[Source "ChessBase"]
[SourceQuality "1"]
[WhiteTeam "Croatia"]
[BlackTeam "Hungary"]
[WhiteTeamCountry "CRO"]
[BlackTeamCountry "HUN"]

{[%evp 22,52,0,0,0,0,7,0,0,0,0,0,0,0,10,-7,26,36,33,14,21,-699,-689,-774,-750,-910,39,-896,-905,-907,-892,-860,-839]} 1. d4 Nf6 2. c4 e6 3. g3 d5 4. Bg2 Bb4+ 5. Bd2 Be7 6. Nf3 O-O 7. O-O Nbd7 8. Qc2 Ne4 {[%cal Bf6e4,Be4d6,Bd6f5][%mdl 32]} 9. Bf4 c6 10. Nfd2 {E08: Katalanisch} (10. h4 Ndf6 11. Nbd2 Nxd2 12. Nxd2 Nh5 13. Be3 f5 14. Bf3 Qe8 15. Bg5 Nf6 16. e3 b6 17. Rac1 Ba6 {½-½ (43) Meier,G (2648)-Carlsen,M (2843) Karlsruhe/Baden-Baden 2018}) 10... g5 11. Be3 Nd6 12. f3 {LiveBook: 4 Partien. Die Stellung ist ausgeglichen.} Nf5 13. Bf2 {[#]} c5 $146 ({Vorgänger:} 13... Bf6 14. e3 c5 15. g4 Nh4 16. cxd5 cxd4 17. dxe6 Ne5 18. exd4 {0-1 (29) Bogner,S (2539)-Kveinys,A (2524) Bad Woerishofen 2016}) 14. dxc5 Bxc5 15. cxd5 Ne3 16. Bxe3 $1 Bxe3+ 17. Kh1 {zielt auf Sc4 ab.} exd5 18. Qd3 Qb6 19. Nc3 Nf6 {[%cal Bd7f6,Bf6h5,Bh5g3][%mdl 32] ...Sh5 ist eine echte Drohung.} 20. Rfd1 Re8 21. Nb3 $2 {[%mdl 8192] [#]} (21. Nf1 $11) 21... Nh5 $1 $19 {[%cal Rh5g3]} 22. Bh3 Bxh3 23. Nxd5 {[#]} Nxg3+ $1 {[%mdl 512]} 24. hxg3 {[#]} Qh6 $1 {[%cal Rh3f1] Schwarz steht klar auf Gewinn.} 25. Qxe3 Rxe3 26. Nxe3 Re8 {Precision: Weiß = 48%, Schwarz = 92%.} 0-1

[Event "36th Mitropa Cup Open 2018"]
[Site "Isola Capo Rizzuto"]
[Date "2018.06.02"]
[Round "3"]
[White "Mesaros, Florian"]
[Black "Studer, Noel"]
[Result "1/2-1/2"]
[WhiteElo "2436"]
[BlackElo "2475"]
[Annotator "TA"]
[PlyCount "48"]
[EventDate "2018.05.31"]
[EventType "team-tourn"]
[EventCountry "ITA"]
[SourceTitle "playchess.com"]
[Source "ChessBase"]
[SourceQuality "1"]
[WhiteTeam "Austria"]
[BlackTeam "Switzerland"]
[WhiteTeamCountry "AUT"]
[BlackTeamCountry "SUI"]

{[%evp 23,48,26,43,24,53,14,44,47,109,99,86,0,10,17,52,34,26,6,14,8,6,0,10,6,10,7,12]} 1. d4 d5 2. c4 dxc4 3. Nf3 e6 4. e3 Nf6 5. Bxc4 a6 6. O-O c5 7. Nc3 b5 8. Be2 Bb7 9. dxc5 Bxc5 10. Qxd8+ Kxd8 11. Nd2 {[%cal Bf3d2,Bd2b3,Bb3a5][%mdl 32] D27: Queen's Gambit Accepted: Classical main line: 7 e4!? and 7 a4} Ke7 12. Nb3 Bd6 {LiveBook: 7 Games} (12... Bb6 13. a4 b4 14. a5 Bc7 15. Na4 Nbd7 16. Bd2 Bd6 17. Rfc1 Rhc8 18. Nb6 Rxc1+ 19. Rxc1 Nxb6 20. axb6 {1-0 (31) Carlsen,M (2832)-So,W (2815) chess.com INT 2017}) 13. f3 {White is slightly better.} Nbd7 {[#]} 14. e4 $146 ({Predecessor:} 14. Na5 Ra7 15. Bd2 Bc7 16. b4 Rc8 17. Rfc1 Bxa5 18. bxa5 Ne5 {1-0 (32) Cheparinov,I (2677)-Banusz,T (2612) Sibenik 2016}) 14... Nc5 15. Na5 Rac8 (15... Bc7 $14 16. Be3 (16. Nxb7 Nxb7 17. Be3 Rhc8 $14) 16... Nfd7 17. Nxb7 Nxb7) 16. Be3 Ba8 17. Rac1 (17. a4 $16 Nxa4 18. Nxa4 bxa4 19. Bxa6) 17... Nfd7 $11 18. Rfd1 Be5 19. Rc2 Nb7 20. Nxb7 Bxb7 {The position is equal.} 21. Rcd2 Rhd8 22. a4 Bxc3 23. bxc3 bxa4 24. Ra2 Nc5 {Precision: White = 50%, Black = 42%.} 1/2-1/2